5 Seconds Of Summer - Statistics

General Stats
  • This quiz has been taken 232 times
  • The average score is 10 of 15
Answer Stats
Hint Answer % Correct
If you don't swim you'll drown, but don't move honey... She Looks So Perfect
99%
When the lights go out she's all I ever think about... English Love Affair
89%
And forget these stupid little things.... Amnesia
88%
Her pictures in my private folder... 18
80%
You're telling me how you loved that song about living... End Up Here
76%
Are we wasting time talking on a broken line... Close As Strangers
70%
Got a big house, says he lives alone.... Just Saying
65%
We can run down the street with stars in our eyes.... Unpredictable
65%
You relocated from New York a month ago... Mrs All American
64%
Let me know where to go I'll get you there... Kiss Me Kiss Me
62%
Let's run away don't let the color fade.... Never Be
62%
My teacher said I was mentally disabled... Rejects
59%
We could have all night you just say the word... Greenlight
55%
Baby, you're not what I need I'm over this... Independence Day
53%
And if we fall it's not your fault shadows.... Gotta Get Out
40%
No matching quizzes found
Score Distribution
Percent of People with Each Score
Percentile by Number Answered
Your Score History
You have not taken this quiz